الآليات الحديثة في التجارة الدولية : (Record no. 24296)
[ view plain ]
| 000 -الفاتح | |
|---|---|
| حقل البيانات ثابتة الطول | 01246nam a22002655a 4500 |
| 003 - محدد رقم الضبط | |
| رقم الضبط | OSt |
| 005 - وقت وتاريخ اخر تعامل مع التسجيلة | |
| رقم الضبط | 20170301143355.0 |
| 008 - عناصر البيانات ثابتة الطول - معلومات عامة | |
| حقل البيانات ثابتة الطول | 170226s2010 ua frb 000 0 ara d |
| 015 ## - | |
| -- | 2010 / 17701 |
| 020 ## - الرقم الدولى المعيارى للكتب | |
| الرقم الدولى المعيارى للكتاب | 9789770465293 |
| 040 ## - مصدر الفهرسة | |
| وكالة الفهرسة الأصلية | EG-ScBUE |
| لغة الفهرسة | ara |
| وكالة النسخ | EG-ScBUE |
| 082 04 - رقم تصنيف ديوى العشرى | |
| رقم الطبعة | 22 |
| رقم التصنيف | 340.92 |
| رقم المادة | م ص ر |
| 100 1# - المدخل الرئيسى - إسم شخصى | |
| الإسم الشخصى | مصري، حازم بيومي. |
| 245 12 - بيان العنوان | |
| العنوان | الآليات الحديثة في التجارة الدولية : |
| بقية العنوان | عقود اليونسترال : دراسة تحليلية / |
| بيان المسئوليه,etc | حازم بيومي المصري. |
| 250 ## - بيان الطبعة | |
| بيان الطبعة | ط. مزيدة ومنقحة. |
| 260 ## - PUBLICATION, DISTRIBUTION, ETC. (IMPRINT) | |
| مكان الناشر او الموزع | القاهرة : |
| اسم الناشر او الموزع | دار النهضة العربية، |
| تاريخ النشر أو التوزيع | 2010. |
| 300 ## - الوصف المادى | |
| التعداد | 190 ص. ؛ |
| أبعاد الوعاء | 24 سم. |
| 500 ## - تبصرة عامة | |
| تبصرة عامة | ملاحق الكتاب : اتفاقية الأمم المتحدة بشأن عقود البيع الدولي للبضائع - قانون اليونسترال النموذجي للتحكيم التجاري الدولي. |
| 504 ## - تبصرة ببليوجرافية | |
| تبصرة ببليوجرافية,الخ | يشتمل على إرجاعات ببليوجرافية. |
| 610 17 - المدخل الاضافى بالموضوع-اسم هيئة | |
| مصدر الرأس أو المصطلح | BUEsh |
| اسم الهيئة أو اسم السلطة كمدخل | الأمم المتحدة. |
| وحده ملحقة | لجنة القانون التجاري الدولي. |
| 650 #7 - المدخل الاضافى بالموضوع-مصطلح موضوعى | |
| مصدر الرأس أو المصطلح | BUEsh |
| مصطلح موضوعي أو اسم جغرافي كعنصر مدخل | العقود التجارية (قانون دولي) |
| 651 ## - المدخل الاضافى بالموضوع - اسم جغرافى | |
| مصدر الرأس أو المصطلح | BUEsh |
| 653 ## - مصطلح تكشيفى غير مقيد | |
| Resource For college | Law |
| Arrived date list | February2017 |
| 942 ## - عناصر المدخل الإضافي( كوها) | |
| مصدر التصنيف او مخطط الترفيف | Dewey Decimal Classification |
| حالة التراجع | حالة الفقد | مصدر التصنيف او خطة الترفيف | حالة تلف | ليس للاعارة | مجموعات كوها | المكان الدائم | المكان الحالي | موقع الترفيف | تاريخ الاكتساب | Source of acquisition | سعر الشراء الطبيعي | تعداد مسلسل / التسلسل الزمني | رقم الاستدعاء | الباركود | Date last seen | التكلفة | نوع الوعاء | مُعار |
|---|---|---|---|---|---|---|---|---|---|---|---|---|---|---|---|---|---|---|
| Dewey Decimal Classification | دار النهضة العربية | Central Library | Central Library | First floor | 01/03/2017 | Purchase | 40.00 | 2815 | 340.92 م ص ر | 000045698 | 15/07/2025 | 50.00 | Book - Borrowing | |||||
| Dewey Decimal Classification | دار النهضة العربية | Central Library | Central Library | First floor | 01/03/2017 | Purchase | 40.00 | 2815 | 340.92 م ص ر | 000045699 | 20/10/2025 | 50.00 | Book - Borrowing | 30/09/2025 |